000 01993cam a2200241 4500
001 L137014
008 070309s2006 xxk f 000 0 eng d
035 _a(Sirsi) u137014
041 0 _aeng
050 0 4 _a526.9 $2 18
110 2 _aRoyal Institution of Chartered Surveyors
_bGeomatics Faculty
_94352
245 0 0 _aYour pathway to qualifying in geomatics
_h[electronic resource]
260 _aLondon
_bRICS
_c2006
505 2 _aPathway requirements: Geomatics APC; Geomatics ATC -- Competency guidance: access and rights over land; analysis of client requirements; cadastre and land management; construction technology and environmental services; consultancy services; development/project briefs; engineering surveying; environmental assessment; geodesy; GIS; ground engineering and subsidence; hydrographic (marine) surveying; legal/regulatory compliance; management of the natural environment and landscape apping; measurement of land and property; planning; project administration; property records/information systems; remote sensing and photogrammetry; spatial data capture and presentation (advanced mapping); surveying land and sea; use of the marine environment.
520 _aProvides information geomatics surveying with a general overview of the geomatics pathways. Lists the competency requirements of the geomatics APC and ATC pathways (as set out in the APC/ATC Requirements and competencies guide July 2006). Describes the main technical competencies associated with geomatics, providing expanded sector specific guidance on each of them.
590 _aKA
651 4 _aUnited Kingdom
_y
690 _aCAREERS, EDUCATION AND TRAINING-QUALIFICATION ROUTES
690 _aENVIRONMENTAL AND LAND CONSULTANCY-GEOMATICS
690 _aCAREERS, EDUCATION AND TRAINING-QUALIFICATION ROUTES-ASSESSMENT OF PROFESSIONAL COMPETENCE
856 4 8 _uhttps://www.rics.org/site/download_feed.aspx?fileID=164&fileExtension=PDF
_zView the item free of charge at www.rics.org
942 _n0
999 _c106592
_d106592